00581nam a2200145Ia 4500008004100000050001900041100003400060245009000094260007800184300003300262521001200295942000700307999001900314952010200333140724s9999 xx 000 0 und d aHF 5686b.G284 aGawaran, Mari Luise Astina C. a"Haengboghan bath house" :bkorean public bath house /cMari Luise Astina C. Gawaran. aLas Piñas, Philippines :bSouthville International School and Colleges, a34 p. :bcol. Ill. ;c28 cm. aTourism cTH c229127d229127 001040aCLbCLcTHESESd2014-07-24l0oHF 5686 .G284pT0481r2018-05-15 00:00:00w2014-07-24yTH